Leading with purpose : (Record no. 8369)
[ view plain ]
| 000 -LEADER | |
|---|---|
| fixed length control field | 02182nac a22003011u 4500 |
| 010 ## - LIBRARY OF CONGRESS CONTROL NUMBER | |
| LC control number | 2002007221 |
| 020 ## - INTERNATIONAL STANDARD BOOK NUMBER | |
| International Standard Book Number | 0804743851 (cloth : alk. paper) |
| 082 00 - DEWEY DECIMAL CLASSIFICATION NUMBER | |
| Classification number | 658.4092 |
| Item number | ELL |
| 090 ## - LOCALLY ASSIGNED LC-TYPE CALL NUMBER (OCLC); LOCAL CALL NUMBER (OCLC) | |
| -- | 8369 |
| -- | 8369 |
| 100 ## - MAIN ENTRY--PERSONAL NAME | |
| Personal name | Ellsworth, Richard R. |
| 245 10 - TITLE STATEMENT | |
| Title | Leading with purpose : |
| Remainder of title | the new corporate realities / |
| Statement of responsibility, etc | Richard R. Ellsworth. |
| 260 ## - PUBLICATION, DISTRIBUTION, ETC. (IMPRINT) | |
| Place of publication, distribution, etc | Stanford : |
| Name of publisher, distributor, etc | Stanford Business Books,c2002. |
| Date of publication, distribution, etc | c2002. |
| 300 ## - PHYSICAL DESCRIPTION | |
| Extent | xiv, 407 p. ; |
| Dimensions | 24 cm. |
| 500 ## - GENERAL NOTE | |
| General note | Distributer: Al-Ahram. |
| 504 ## - BIBLIOGRAPHY, ETC. NOTE | |
| Bibliography, etc | Includes bibliographical references (p. [378]-392) and index. |
| 505 8# - FORMATTED CONTENTS NOTE | |
| Formatted contents note | Machine generated contents note: PART I Influences on Meaning, Strategy, Managing, and Performance -- 1 Purpose and Performance: Leveraging the Essence of a Corporation -- 2 Corporations and Individuals: Creating Meaning and Competitiveness -- 3 Strategy: Defining Corporate Mission, Priorities, and Direction -- 4 Managing: Transforming Purpose into Action --PART II Capital Markets, Property Rights, and the Individual -- 5 Capital-Market Relationships: The Myths of Shareholder Wealth Maximization -- 6 Property Rights: The Shareholders' Rights and Responsibilities -- 7 Individualism: America's Competitive Advantage -- PART III Competing Purposes in the Global Marketplace -- 8 Purpose and Global Competitiveness: The Realities -- 9 America's Rivals: Changing the Rules of Competition --CONCLUSION The Lessons for Leadership -- 10 Infusing Purpose: A Moral and Strategic Responsibility of Leadership. |
| 511 ## - PARTICIPANT OR PERFORMER NOTE | |
| Participant or performer note | Catalogued By: Mahitab. |
| 650 #0 - SUBJECT ADDED ENTRY--TOPICAL TERM | |
| Topical term or geographic name as entry element | Leadership. |
| 650 #0 - SUBJECT ADDED ENTRY--TOPICAL TERM | |
| Topical term or geographic name as entry element | Business planning. |
| 650 #0 - SUBJECT ADDED ENTRY--TOPICAL TERM | |
| Topical term or geographic name as entry element | Organizational effectiveness. |
| 650 #0 - SUBJECT ADDED ENTRY--TOPICAL TERM | |
| Topical term or geographic name as entry element | Competition, International. |
| 650 #0 - SUBJECT ADDED ENTRY--TOPICAL TERM | |
| Topical term or geographic name as entry element | Industrial management. |
| 856 41 - ELECTRONIC LOCATION AND ACCESS | |
| Materials specified | Table of contents |
| Uniform Resource Identifier | <a href="http://www.loc.gov/catdir/toc/fy033/2002007221.html">http://www.loc.gov/catdir/toc/fy033/2002007221.html</a> |
| 856 41 - ELECTRONIC LOCATION AND ACCESS | |
| Materials specified | Contributor biographical information |
| Uniform Resource Identifier | <a href="http://www.loc.gov/catdir/enhancements/fy0710/2002007221-b.html">http://www.loc.gov/catdir/enhancements/fy0710/2002007221-b.html</a> |
| 856 41 - ELECTRONIC LOCATION AND ACCESS | |
| Materials specified | Publisher description |
| Uniform Resource Identifier | <a href="http://www.loc.gov/catdir/enhancements/fy0710/2002007221-d.html">http://www.loc.gov/catdir/enhancements/fy0710/2002007221-d.html</a> |
| 942 ## - ADDED ENTRY ELEMENTS (KOHA) | |
| Item type | Book - Borrowing |
| Call number prefix | 658.4092ELL |
| Withdrawn status | Item status | Damaged status | Not for loan | Home library | Current library | Shelving location | Date acquired | Source of acquisition | Total Checkouts | Total Renewals | Full call number | Barcode | Date last seen | Date last borrowed | Koha item type |
|---|---|---|---|---|---|---|---|---|---|---|---|---|---|---|---|
| Central Library | Central Library | First floor | 05/03/2008 | Purchase | 7 | 7 | 658.4092ELL | 000010193 | 15/07/2025 | 21/02/2016 | Book - Borrowing |